00825nam a2200217 i 4500001000300000100003400003245004600037260004300083300003900126490010300165504001400268650002600282650002300308830009100331020001500422040000800437041000700445080001600452008004100468856009800509bg1 aDOMAŃSKI, Ryszardd(1928- )10aMiasto innowacyjne /cRyszard Domański. aWarszawa :bWydaw. Naukowe PWN,c2000. a192, [2] s. :bil., mapa ;c24 cm.1 aStudia / Polska Akademia Nauk. Komitet Przestrzennego Zagospodarowania Kraju,x0079-3507 ;vt. 109 aBibliogr. 9aInnowacjexgospodarka 9aMiastaxgospodarka 0aStudia (Polska Akademia Nauk. Komitet Przestrzennego Zagospodarowania Kraju) ;vt. 109 a830113285X cBPK0 apl a332.1(4-21) s pl f |000 0 pol  uhttp://koha.tu.koszalin.pl/cgi-bin/koha/opac-detail.pl?biblionumber=39570yKatalog online BPK